Loading...

Sankha saahithya charithram(സംഘസാഹിത്യചരിത്രം)/

Bibliographic Details
Main Author: Narayanankutty, Melangathu(നാരായണ൯കുട്ടി, മേലങ്ങത്ത്)
Format: Printed Book
Published: Thiruvananthapuram: Kerala Bhasha Institute, 2003.
Subjects:
LEADER 00840 a2200145 4500
999 |c 90921  |d 90921 
020 |a 8176383457 
082 |a M 894.811 09  |b 32P3 
100 |a Narayanankutty, Melangathu(നാരായണ൯കുട്ടി, മേലങ്ങത്ത്)  |9 51460 
245 |a Sankha saahithya charithram(സംഘസാഹിത്യചരിത്രം)/   |c Melangathu Narayanankutty(മേലങ്ങത്ത് നാരായണ൯കുട്ടി). 
260 |a Thiruvananthapuram:  |b Kerala Bhasha Institute,  |c 2003. 
300 |a 472p. 
650 |a Tamil literature-History and criticism.  |9 5391 
942 |c BK 
952 |0 0  |1 0  |4 0  |6 M_894_811000000000000_09_32P3  |7 0  |8 MAL  |9 83530  |a MGUL  |b MGUL  |c GEN  |d 2016-04-11  |e Penta Books Kozhikode Bill No 510 dated 21.01.2016  |g 160.00  |l 1  |o M 894.811 09 32P3  |p 54828  |q 2018-05-04  |r 2018-04-09  |s 2018-04-09  |y BK